Anteproyecto para la creación de una sección de investigación social en una institución burocrática - administrativa /

Documento que propone la creación de una sección especializada en investigación social dentro de una institución burocrática y administrativa. El anteproyecto detalla la justificación, objetivos, estructura, funciones y metodologías propuestas para esta nueva sección. El documento argumenta la neces...

Celý popis

Uloženo v:
Podrobná bibliografie
Hlavní autor: Ortíz Gutiérrez, Javier
Další autoři: Villalobos Matarrita, Alvaro
Médium: Text
Jazyk:Spanish
Vydáno: San José: ICE
Témata:
Tagy: Přidat tag
Žádné tagy, Buďte první, kdo vytvoří štítek k tomuto záznamu!

MARC

LEADER 00000 a a2200000 04500
001 16633
003 cru CIDCACS/IIS
005 20240108144844.0
008 231205b |||||||| |||| 00| 0 spa d
040 |a CRAI/IIS  |c cru CIDCACS/IIS 
090 |a 05.01.02 V716a 
100 |a Ortíz Gutiérrez, Javier  
245 |a Anteproyecto para la creación de una sección de investigación social en una institución burocrática - administrativa /  |c Javier Ortíz Gutiérrez 
260 |a San José:   |b ICE  
300 |a 21 p.  
520 |a Documento que propone la creación de una sección especializada en investigación social dentro de una institución burocrática y administrativa. El anteproyecto detalla la justificación, objetivos, estructura, funciones y metodologías propuestas para esta nueva sección. El documento argumenta la necesidad de integrar una sección de investigación social en la institución, destacando cómo esto podría mejorar la toma de decisiones, optimizar los procesos administrativos y fortalecer la comprensión de las dinámicas sociales relacionadas con las funciones de la institución. RAR 12/2023 
650 0 |a INVESTIGACION SOCIAL  |2 OCDE  |9 237 
650 0 |a BUROCRACIA  |2 OCDE  |9 583 
650 0 |a ADMINISTRACION PUBLICA  |2 OCDE  |9 3092 
650 0 |a TOMA DE DECISIONES  |2 OCDE  |9 1538 
650 0 |a ESTRUCTURA ORGANIZACIONAL   |2 UNESCO   |9 4290 
650 0 |a METODOLOGIAS  |2 UNESCO   |9 6061 
650 0 |a DINAMICA SOCIAL  |2 OCDE  |9 2529 
650 0 |a CIENCIAS SOCIALES  |2 OCDE  |9 75 
700 |a Villalobos Matarrita, Alvaro  
942 |2 z  |c LI  |h 05.01.02 V716a  |i 09123  |6 050102_V716A_09123 
999 |c 16996  |d 16996